Statystyki dla Państwa według jednej podpowiedzi #3

Kliknij tutaj aby rozwiązać quiz!

Ogólne statystyki

  • Ten quiz został rozwiązany 7 860 razy
  • Średni wynik to 9 z 20

Statystyki odpowiedzi

PodpowiedźPaństwo% Poprawnych
Przeżyło trzęsienie ziemi (w skali Richtera - 9.0) w 2011 roku.Japonia
82%
Leży na tej samej wyspie co Dominikana.Haiti
81%
Rządzone przez talibów.Afganistan
75%
Jest stworzone z Bohemii, Moraw, oraz części Śląska.Czechy
73%
Mimo nieporozumień, Aleksander Wielki nie urodził się tutaj.Macedonia Północna
66%
Źródło 5 milionów uchodźców od 2011 roku.Syria
60%
Odcięło się od Etiopii w 1993 roku.Erytrea
52%
Lezy w większości na półwyspie jutlandzkim.Dania
50%
Stworzone z 26 kantonów.Szwajcaria
48%
Jest połączone mostem z Arabią Saudyjską.Bahrajn
47%
Jego język może być pisany w dwóch formach: Bokmål lub Nynorsk.Norwegia
45%
Jest jedynym państwem a Ameryce Środkowej, w którym językiem urzędowym jest angielski.Belize
41%
Leży pomiędzy Togo, a Nigerią.Benin
39%
Jest największym państwem śródlądowym.Kazachstan
39%
Zdobyło niepodległość od Pakistanu.Bangladesz
33%
Ma więcej procent powierzchni lądowej pod poziomem morza (26) niż jakiekolwiek inne państwo.Holandia
32%
Żyje w nim więcej lam niż w jakimkolwiek innym państwie.Boliwia
28%
Ten kraj, znany wcześniej jako Wyspy Gilberta, obejmuje wszystkie cztery półkule.Kiribati
20%
Jego hymn nazywa się "Boże chroń Sułtana".Brunei
17%
Kraj, w którym jest 27% szyistów, 27% sunnistów, 41% chrześcijan i 5% druzów.Liban
14%

Rozkład punktacji

Percentyl według liczby udzielonych odpowiedzi

Procent ludzi z każdym wynikiem

Twoja historia wyników

Nie rozwiązałeś tego quizu